01471nam a22002894c 4500003000900000008004100009020001800050040003100068041001900099080001000118100002500128245004600153250002200199264003600221300005000257336002700307337003300334338002800367490002200395520054400417521002600961650002700987650003801014942001401052999001301066952010201079AR-BaSMT260325b2025 aga|||br|||| 000 0bspa d a9789875045286 aBSGBbespañolcBSGBerda0 aspahespañol a82-941 aSevilla, Fabián9610aSan Martín : bentre relatos y batallas aPrimera edición 1aBuenos aires : bQuipu , c2025 a80 páginas ; bilustraciones blanco y negro 2rdacontentatextobtxt 2rdamediaasin mediaciónbn 2rdacarrieravolumenbnc aVerde histórica aEn su hogar de Francia, el General San Martín, ya muy anciano, pasa sus dias bajo el cuidado de su hija. Entre ellos hay charlas en las que el Libertador relata lo que debió enfrentar para conseguir la libertad de Argentina, Perú y Chile. Relatos llenos de aventuras, emociones y humor que quedaron como un legado para Merceditas. Fabián Sevilla, el autor, invita a los lectores a sumergirse en uno de los más importantes próceres argentinos.uhttps://www.quipu.com.ar/productos/san-martin-entre-relatos-y-batallas/ 25/03/2026 aA partir de 10 años 798aLITERATURA INFANTIL 7935aNOVELA HISTÓRICAzArgentina 2ddcaBOOK c600d600 00102ddc40aBSGBbBSGBcCelesteedonación editoriali000689l0o82-94 SEVp000689t1yBOOKf